Statistics for Oceanian Countries by Area

Click here to take the quiz!

General Stats

  • This quiz has been taken 30 times
  • The average score is 13 of 15

Answer Stats

Area (km2)Country% Correct
7,692,024Australia
100%
462,840Papua New Guinea
100%
270,467New Zealand
88%
28,896Solomon Islands
88%
12,189Vanuatu
88%
459Palau
88%
21Nauru
88%
18,274Fiji
84%
2,831Samoa
84%
811Kiribati
80%
181Marshall Islands
80%
747Tonga
76%
702F.S. Micronesia
76%
26Tuvalu
76%
420,540Indonesia
56%

Score Distribution

Percentile by Number Answered

Percent of People with Each Score

Your Score History

You have not taken this quiz